載入...

The face book effect : the real inside story of Mark Zuckerberg and the world's fastest growing company

書目詳細資料
主要作者: Kirkpatrick, David
格式: Printed Book
出版: Virgin Books 2010
主題:
LEADER 00631nam a2200193 4500
020 |c 399 
082 |a 658.08 KIR 
100 |a Kirkpatrick, David 
245 |a The face book effect : the real inside story of Mark Zuckerberg and the world's fastest growing company  |c Kirkpatrick, David 
250
260 |a Virgin Books  |c 2010 
300 |a 374 p 
490
500
590 |a Modern Book Centre  |b MBC-1968/11 dtd 02/03/2012 
650 |a General management 
942 |c BK 
999 |c 144153  |d 144153 
952 |0 0  |1 0  |4 0  |6 658_080000000000000_KIR  |7 0  |9 157613  |a IMK  |b IMK  |g 399.00  |l 0  |o 658.08 KIR  |p IMK10514  |r 2019-10-25  |w 2019-10-25  |y BK